Countries by Population to the Nearest 5 Million - Statistics

General Stats
  • This quiz has been taken 15 times
  • The average score is 19 of 29
Answer Stats
Pop. Real Pop. (M) Answer % Correct
80M 83.6 Germany
100%
85M 83.6 Germany
100%
120M 120.1 Egypt
93%
140M 143.4 Russia
93%
145M 143.4 Russia
93%
70M 69.9 United Kingdom
93%
95M 93.2 Iran
80%
60M 58.9 Italy
80%
65M 65.4 South Africa
80%
130M 132.9 Mexico
73%
35M 34.9 Peru
73%
135M 138.9 Ethiopia
67%
125M 122.4 Japan
67%
75M 72.5 Tanzania
67%
90M 87.9 Turkey
67%
20M 19.9 Chile
60%
110M 116.5 D.R. Congo
60%
115M 116.5 D.R. Congo
60%
100M 102.2 Vietnam
60%
105M 102.2 Vietnam
60%
45M 45.1 Afghanistan
53%
25M 24.6 Burkina Faso
47%
10M 9.9 Togo
47%
55M 55.2 Myanmar
40%
50M 51.6 South Korea
40%
40M 40.2 Angola
33%
5M 5.1 Kuwait
33%
15M 14.9 Rwanda
33%
30M 29.6 Nepal
20%
No matching quizzes found
Score Distribution
Percent of People with Each Score
Percentile by Number Answered
Your Score History
You have not taken this quiz